| 000 | 00453nam a2200181 a 4500 | ||
|---|---|---|---|
| 001 | 4133 | ||
| 003 | MO | ||
| 005 | 20170315083756.0 | ||
| 008 | 090217s19uu xx 00 eng d | ||
| 020 | _a1-582791-86-4 | ||
| 050 |
_aTR _bD89 2001 |
||
| 100 | _aDumas, Alexandre, 1802-1870. | ||
| 245 | _aThe Count of Monte Cristo. | ||
| 260 |
_aLondon : _bMason Crest, _cc2001. |
||
| 300 | _a989 p. : col., ill. ; cm. | ||
| 942 |
_2ddc _cBK |
||
| 999 |
_c111001 _d111001 |
||